Metóda Balanced Scorecard s dôrazom na motiváciu pracovníkov dizertačná práca

Gespeichert in:
Bibliographische Detailangaben
1. Verfasser: Horváthová, Elena
Körperschaft: Ekonomická univerzita v Bratislave. Podnikovohospodárska fakulta so sídlom v Košiciach
Weitere Verfasser: Čarnický, Štefan
Format: Buch
Sprache:Slowakisch
Veröffentlicht: Bratislava 2010
Schlagworte:
Tags: Tag hinzufügen
Keine Tags, Fügen Sie das erste Tag hinzu!

MARC

LEADER 00000nam$a2200000$$$4500
001 0116854
005 20240502072313.7
041 0 |a slo 
044 |a SK 
245 1 0 |a Metóda Balanced Scorecard s dôrazom na motiváciu pracovníkov  |b dizertačná práca  |c Elena Horváthová ; škol. Štefan Čarnický 
264 1 |a Bratislava  |c 2010 
300 |a 173 s. 
610 2 0 |a motivácia pracovná 
610 2 0 |a zamestnanci 
610 2 0 |a personalistika 
610 2 0 |a metódy 
100 1 |a Horváthová, Elena 
700 1 |a Čarnický, Štefan 
710 2 |a Ekonomická univerzita v Bratislave. Podnikovohospodárska fakulta so sídlom v Košiciach